[Event "Kvika Reykjavik Open 2022"]
[Site "Reykjavik ISL"]
[Date "2022.04.09"]
[Round "5.115"]
[White "Grettisson, Arnar Breki"]
[Black "Hafthorsson, Jon Ulfur"]
[Result "0-1"]
[WhiteElo "1518"]
[BlackElo "1186"]
[WhiteFideId "2322790"]
[BlackFideId "2323206"]
[EventDate "2022.04.06"]

1. e4 e5 2. Nf3 Nc6 3. Bc4 Bc5 4. d3 d6 5. c3 h6 6. a4 a6 7. O-O Nf6 8. d4 exd4
9. cxd4 Bb4 10. Qb3 Bg4 11. d5 Bxf3 12. gxf3 Nd4 13. Qxb4 Nxf3+ 14. Kh1 Ng4 15.
Bf4 Qh4 16. Bg3 Qh3 17. Rg1 Nxf2+ 18. Bxf2 Qxh2# 0-1

[Event "Kvika Reykjavik Open 2022"]
[Site "Reykjavik ISL"]
[Date "2022.04.09"]
[Round "5.116"]
[White "Neilooday, Raj"]
[Black "Gudnyjarson, Sigurdur Pall"]
[Result "0-1"]
[WhiteElo "1201"]
[BlackElo "1420"]
[WhiteFideId "33344671"]
[BlackFideId "2321637"]
[EventDate "2022.04.06"]

1. e4 e6 2. d4 d5 3. exd5 exd5 4. Bd3 Bd6 5. c3 c6 6. Nf3 Nf6 7. Nbd2 O-O 8. O-O
Re8 9. Nb3 Bg4 10. Bg5 Nbd7 11. h3 Bh5 12. Qc2 h6 13. Bxf6 Nxf6 14. Nh4 Bc7 15.
g4 Nxg4 16. Nf3 Nf6 17. Be2 Bxf3 18. Bxf3 Qd6 19. Rfe1 Qh2+ 20. Kf1 Qxh3+ 21.
Bg2 Qg4 22. f3 Qf4 23. Nc5 Ng4 24. Nd3 Ne3+ 25. Ke2 Nxc2+ 0-1

[Event "Kvika Reykjavik Open 2022"]
[Site "Reykjavik ISL"]
[Date "2022.04.09"]
[Round "5.90"]
[White "Magnusson, Magnus"]
[Black "Kjartansson, Matthias Bjorgvin"]
[Result "0-1"]
[WhiteElo "2014"]
[BlackElo "1504"]
[WhiteFideId "2302128"]
[BlackFideId "2319225"]
[EventDate "2022.04.06"]

1. e4 c5 2. Nc3 Nc6 3. g3 e6 4. Bg2 Nf6 5. f4 d6 6. Nf3 Be7 7. d3 O-O 8. O-O Rb8
9. h3 Ne8 10. g4 f5 11. gxf5 exf5 12. Nd5 Nf6 13. Nxe7+ Nxe7 14. e5 dxe5 15.
Nxe5 Be6 16. Be3 Qc7 17. c4 Rfd8 18. Qe2 Nd7 19. Nxd7 Rxd7 20. b4 b6 21. Bxc5
bxc5 22. Qxe6+ Kh8 23. b5 Rxd3 24. Rae1 Ng8 25. Qxf5 Rg3 26. Kh2 Rg6 27. Qe5 Qb6
28. f5 Rh6 29. Kg1 Rf8 30. Rd1 a6 31. Rd7 Nf6 32. Rb7 Qa5 33. Qc7 Qxc7 34. Rxc7
Nh5 35. Rxc5 Ng3 36. Rf3 Ne2+ 37. Kf2 Nd4 38. Rd3 Nxf5 39. Kg1 Nh4 40. Rc6 Rh5
41. b6 Rg5 42. Rd1 Rxg2+ 43. Kh1 Rb2 44. Rb1 Rxb1+ 45. Kh2 Nf5 46. c5 Rb2+ 47.
Kg1 Ng3 0-1

[Event "Kvika Reykjavik Open 2022"]
[Site "Reykjavik ISL"]
[Date "2022.04.10"]
[Round "6.1"]
[White "Jarmula, Lukasz"]
[Black "Andersen, Mads"]
[Result "0-1"]
[WhiteTitle "GM"]
[BlackTitle "GM"]
[WhiteElo "2434"]
[BlackElo "2582"]
[WhiteFideId "1160664"]
[BlackFideId "1413864"]
[EventDate "2022.04.06"]

1. d4 d5 2. c4 dxc4 3. Nf3 Nf6 4. e3 e6 5. Bxc4 c5 6. O-O a6 7. b3 Nbd7 8. Bb2
Be7 9. dxc5 Bxc5 10. Nbd2 b6 11. Be2 Bb7 12. Nc4 O-O 13. Nfe5 Nxe5 14. Bxe5 b5
15. Qxd8 Rfxd8 16. Na5 Bd5 17. Bxf6 gxf6 18. Bf3 Bxf3 19. gxf3 Ba3 20. Rfd1 Rac8
21. Nb7 Rxd1+ 22. Rxd1 Be7 23. Rd2 Rc6 24. a4 Kf8 25. axb5 axb5 26. Ra2 Bb4 27.
Ra7 Rc7 28. Ra8+ Ke7 29. Rb8 Kd7 30. Nd8 Bd6 31. Ra8 Rc8 32. Rxc8 Kxc8 33. Nc6
e5 34. b4 Kc7 35. Na5 Bxb4 36. Nb3 Kc6 37. e4 Bc5 38. Kf1 b4 39. Ke2 Kb5 40. Kd3
Bxf2 41. Nd2 Be1 42. Nb3 Bc3 43. Nc1 h6 44. Nb3 h5 45. Nc1 Be1 46. Nb3 Bf2 47.
Nc1 Bg1 48. h3 Bf2 49. Nb3 Be1 50. Nc1 Kc5 51. Nb3+ Kd6 52. Kc4 Ke7 53. Nc5 f5
54. Kd5 fxe4 55. Kxe4 Bc3 56. Kf5 Kd6 57. Nb3 h4 58. Kg5 Be1 59. Kf6 Kd5 60.
Kxf7 Kc4 61. Na5+ Kc3 62. Ke6 Bg3 0-1

[Event "Kvika Reykjavik Open 2022"]
[Site "Reykjavik ISL"]
[Date "2022.04.10"]
[Round "6.2"]
[White "Gukesh, D"]
[Black "Steingrimsson, Hedinn"]
[Result "1/2-1/2"]
[WhiteTitle "GM"]
[BlackTitle "GM"]
[WhiteElo "2637"]
[BlackElo "2538"]
[WhiteFideId "46616543"]
[BlackFideId "2300117"]
[EventDate "2022.04.06"]

1. d4 Nf6 2. c4 e6 3. Nf3 d5 4. Nc3 c5 5. e3 Nc6 6. a3 dxc4 7. Bxc4 a6 8. O-O b5
9. Ba2 Bb7 10. d5 exd5 11. Nxd5 Nxd5 12. Bxd5 Qc7 13. e4 Be7 14. Ng5 O-O 15. Qh5
Bxg5 16. Bxg5 Nd4 17. Qg4 Bxd5 18. Bf6 Ne6 19. exd5 Qf4 20. Qxf4 Nxf4 21. Be7
Rfe8 22. Bxc5 Rac8 23. b4 Nxd5 24. Rfd1 Nc3 25. Rd7 h5 26. h3 Rcd8 27. Rxd8 Rxd8
28. Re1 Na4 29. Re7 Rd3 30. Ra7 Nxc5 31. bxc5 Rxa3 32. c6 Kh7 33. Ra8 Rc3 1/2-1/2

[Event "Kvika Reykjavik Open 2022"]
[Site "Reykjavik ISL"]
[Date "2022.04.10"]
[Round "6.3"]
[White "Hjartarson, Johann"]
[Black "Niemann, Hans Moke"]
[Result "1-0"]
[WhiteTitle "GM"]
[BlackTitle "GM"]
[WhiteElo "2465"]
[BlackElo "2637"]
[WhiteFideId "2300044"]
[BlackFideId "2093596"]
[EventDate "2022.04.06"]

1. c4 e5 2. g3 c6 3. d4 e4 4. Nc3 d5 5. Nh3 h6 6. cxd5 cxd5 7. Qb3 Nf6 8. Nf4
Nc6 9. e3 Bb4 10. Bd2 Bxc3 11. Bxc3 g5 12. Ne2 O-O 13. h3 Rb8 14. g4 b5 15. Qd1
b4 16. Bd2 Ne7 17. Ng3 Ng6 18. Rc1 Nh4 19. Be2 Qb6 20. Rc5 Ba6 21. Qa4 Bxe2 22.
Kxe2 Qe6 23. Rhc1 Rb6 24. Rc6 Qd7 25. b3 Rxc6 26. Rxc6 Qd8 27. Bxb4 1-0

[Event "Kvika Reykjavik Open 2022"]
[Site "Reykjavik ISL"]
[Date "2022.04.10"]
[Round "6.4"]
[White "Praggnanandhaa, R"]
[Black "Mishra, Abhimanyu"]
[Result "1-0"]
[WhiteTitle "GM"]
[BlackTitle "GM"]
[WhiteElo "2624"]
[BlackElo "2524"]
[WhiteFideId "25059530"]
[BlackFideId "30920019"]
[EventDate "2022.04.06"]

1. d4 d5 2. c4 c6 3. Nf3 Nf6 4. e3 e6 5. Bd3 dxc4 6. Bxc4 Nbd7 7. O-O Bd6 8. Qc2
O-O 9. e4 e5 10. Be3 Ng4 11. Bg5 Qc7 12. h3 h6 13. Bh4 Ngf6 14. Nc3 Nh5 15. Rad1
exd4 16. Rxd4 Ne5 17. Qd1 Nxc4 18. Rxc4 Be6 19. Nb5 Bxc4 20. Nxc7 Bxc7 21. Qd7
Rac8 22. Re1 Nf4 23. b3 Be6 24. Qd2 Ng6 25. Qe3 Bb6 26. Qc3 Nxh4 27. Nxh4 Rcd8
28. Nf3 Rfe8 29. a4 a5 30. b4 Ra8 31. Rb1 axb4 32. Qxb4 Bc7 33. Nd4 Bc8 34. Nf5
Kh7 35. Qc4 Be6 36. Qc2 Rad8 37. Rxb7 Bxf5 38. Rxc7 Bxe4 39. Qc5 Bd5 40. Re7 Rg8
41. a5 Ra8 42. Qa3 Rgb8 43. a6 Rb3 44. Qa1 Rb6 45. a7 Rb4 46. Rc7 g6 47. f3 h5
48. h4 Rxh4 49. Qa6 Rb4 50. Rc8 Rxc8 51. Qxc8 c5 52. Qxc5 Ra4 53. Qc7 Ra2 54.
Qd7 Be6 55. Qc7 Bd5 56. Kh2 Ra4 57. Kg3 Kg7 58. Kf2 Kh7 59. Ke3 Be6 60. Qb7 Bd5
61. Qd7 Ra5 62. Kd4 h4 63. Qc7 Rb5 64. a8=Q Bxa8 65. Qxf7+ Kh6 66. Qf8+ Kh5 67.
Qxa8 Rf5 68. Qh8+ Kg5 69. Ke3 Rf7 70. Qd8+ Kh5 71. Qh8+ Kg5 72. Kf2 Rf4 73. Kg1
Kf5 74. Qg7 g5 75. Qf7+ Ke5 76. Qg6 Rf5 77. Kf2 Kf4 78. Qd6+ Re5 79. Qf6+ 1-0

[Event "Kvika Reykjavik Open 2022"]
[Site "Reykjavik ISL"]
[Date "2022.04.10"]
[Round "6.5"]
[White "Warmerdam, Max"]
[Black "Williams, Simon K"]
[Result "1-0"]
[WhiteTitle "GM"]
[BlackTitle "GM"]
[WhiteElo "2599"]
[BlackElo "2464"]
[WhiteFideId "1048104"]
[BlackFideId "404454"]
[EventDate "2022.04.06"]

1. d4 e6 2. c4 f5 3. g3 Nf6 4. Nf3 d5 5. Bf4 Be7 6. Qc2 c6 7. Nc3 O-O 8. e3 Na6
9. Rc1 Ne4 10. h4 Bd7 11. Be2 b5 12. c5 Nc7 13. Ne5 Ne8 14. a4 a6 15. Nxe4 dxe4
16. Qb3 Qc8 17. Ra1 Nf6 18. axb5 cxb5 19. O-O Bc6 20. Ra3 Nd5 21. Rfa1 Nxf4 22.
exf4 Bd5 23. Qc3 Bf6 24. b4 Bxe5 25. dxe5 Rd8 26. Rd1 Qc6 27. Rd4 Rd7 28. Ra5
Rad8 29. Qa1 Bc4 30. Rxa6 Qxa6 31. Qxa6 Rxd4 32. Bxc4 bxc4 33. Qxe6+ Kh8 34. Kg2
Rd2 35. c6 e3 36. c7 e2 37. cxd8=Q+ Rxd8 38. Qb6 Rc8 39. Qe3 c3 40. e6 c2 41. e7
Re8 42. Kf3 h6 43. Kxe2 Rxe7 44. Kd2 1-0

[Event "Kvika Reykjavik Open 2022"]
[Site "Reykjavik ISL"]
[Date "2022.04.10"]
[Round "6.6"]
[White "Beerdsen, Thomas"]
[Black "Fier, Alexandr"]
[Result "1/2-1/2"]
[WhiteTitle "IM"]
[BlackTitle "GM"]
[WhiteElo "2496"]
[BlackElo "2573"]
[WhiteFideId "1030108"]
[BlackFideId "2107139"]
[EventDate "2022.04.06"]

1. e4 c5 2. Nf3 Nc6 3. Bc4 e6 4. O-O Nf6 5. Re1 d6 6. Nc3 Be7 7. d4 cxd4 8. Nxd4
Bd7 9. Be3 O-O 10. Bb3 a6 11. f4 Nxd4 12. Bxd4 e5 13. Be3 Bc6 14. Qf3 b5 15.
Rad1 1/2-1/2

[Event "Kvika Reykjavik Open 2022"]
[Site "Reykjavik ISL"]
[Date "2022.04.10"]
[Round "6.7"]
[White "Adhiban, Baskaran"]
[Black "Grieve, Harry"]
[Result "1/2-1/2"]
[WhiteTitle "GM"]
[BlackTitle "FM"]
[WhiteElo "2633"]
[BlackElo "2387"]
[WhiteFideId "5018471"]
[BlackFideId "426520"]
[EventDate "2022.04.06"]

1. Nf3 f5 2. d3 Nc6 3. d4 e6 4. c4 Nf6 5. g3 d5 6. Bg2 Be7 7. O-O Ne4 8. b3 a5
9. Ba3 Bf6 10. e3 h5 11. Nfd2 h4 12. Nxe4 dxe4 13. Nc3 hxg3 14. fxg3 Nxd4 15.
Nxe4 fxe4 16. Qg4 Kf7 17. exd4 Qxd4+ 18. Kh1 e5 19. Qxe4 Qxe4 20. Bxe4 c6 21. h4
Bg4 22. Kg2 Rhd8 23. Rf2 a4 24. Bb2 axb3 25. axb3 Rxa1 26. Bxa1 Ke6 27. Bc3 Be7
28. b4 Rd1 29. Rd2 Rc1 30. Rc2 Rb1 31. b5 cxb5 32. Rd2 Rd1 33. Bxb7 Rxd2+ 34.
Bxd2 Be2 35. Bd5+ Kd7 36. cxb5 Bxb5 37. Kf3 Bd3 38. Be4 Bxe4+ 39. Kxe4 Ke6 40.
h5 Bc5 41. g4 Be7 42. Bc3 Bd6 43. Bd2 Be7 44. Bc1 Bc5 45. g5 Be7 46. Bd2 Bd8 47.
g6 Be7 48. Bc3 Bd6 49. Bb2 Bc7 50. Ba3 Bd8 51. Bd6 Be7 52. Bxe5 Bf6 53. Bf4 Ke7
54. Kf5 Kf8 55. h6 Kg8 56. h7+ Kh8 57. Bh6 Bc3 58. Bf4 Bd4 59. Bg5 Bc3 60. Ke6
Bd4 61. Kf7 Bc3 62. Bf4 Bd4 63. Bg5 Bc3 64. Bf4 Bd4 65. Bg5 1/2-1/2

[Event "Kvika Reykjavik Open 2022"]
[Site "Reykjavik ISL"]
[Date "2022.04.10"]
[Round "6.8"]
[White "Song, Julien"]
[Black "Gupta, Abhijeet"]
[Result "1-0"]
[WhiteTitle "IM"]
[BlackTitle "GM"]
[WhiteElo "2373"]
[BlackElo "2616"]
[WhiteFideId "659487"]
[BlackFideId "5010608"]
[EventDate "2022.04.06"]

1. d4 Nf6 2. c4 g6 3. Nc3 d5 4. cxd5 Nxd5 5. e4 Nxc3 6. bxc3 Bg7 7. Nf3 c5 8.
Be3 Qa5 9. Qd2 O-O 10. Rc1 Bg4 11. d5 b5 12. Bxc5 Rc8 13. Bb4 Qc7 14. Nd4 a5 15.
Ba3 b4 16. Bb2 Qb6 17. Bb5 e5 18. dxe6 Bxe6 19. Nxe6 fxe6 20. c4 Rd8 21. c5 Rxd2
22. cxb6 Rxb2 23. Rc8+ Kf7 24. Rc7+ Kf8 25. O-O Na6 26. Bxa6 Rxa6 27. b7 Rb6 28.
Rd1 Bd4 29. h4 e5 30. Rd3 Kg8 31. Rf3 Rc2 32. Rxc2 Rxb7 33. Rc8+ Kg7 34. Ra8 Ba7
35. g4 a4 36. g5 a3 37. Rb3 Bd4 38. Raxa3 Rf7 39. Rxb4 Bxf2+ 40. Kg2 Bc5 41.
Rab3 Bxb4 42. Rxb4 Ra7 43. a4 Kf7 44. Kf3 Ke6 45. Ke3 Kd6 46. Kd3 Kc6 47. Kc4
Ra8 48. Kb3 Rf8 49. Rb5 Rf4 50. Rxe5 Rxh4 51. Kc4 Kd6 52. Rd5+ Ke6 53. Kd4 h5
54. gxh6 Rxh6 55. a5 Rh1 56. Kc5 Re1 57. Kb6 Rxe4 58. Rb5 Kf6 59. a6 g5 60. a7
Re8 61. Ka6 Kg6 62. Rb8 Re1 63. a8=Q Ra1+ 64. Kb5 Rxa8 65. Rxa8 Kf5 66. Kc4 1-0

[Event "Kvika Reykjavik Open 2022"]
[Site "Reykjavik ISL"]
[Date "2022.04.10"]
[Round "6.9"]
[White "Cornette, Matthieu"]
[Black "Heimisson, Hilmir Freyr"]
[Result "1-0"]
[WhiteTitle "GM"]
[BlackTitle "FM"]
[WhiteElo "2569"]
[BlackElo "2321"]
[WhiteFideId "620084"]
[BlackFideId "2309998"]
[EventDate "2022.04.06"]

1. d4 Nf6 2. c4 e6 3. Nc3 Bb4 4. Nf3 O-O 5. Bg5 c5 6. Rc1 cxd4 7. Nxd4 h6 8. Bh4
d5 9. cxd5 g5 10. Bg3 Qxd5 11. e3 Qxa2 12. Bd3 Qxb2 13. O-O Bxc3 14. Rc2 Qb4 15.
Nb5 e5 16. Rxc3 Nc6 17. f4 gxf4 18. Be1 Bg4 19. Qc1 Qe7 20. Bh4 Rad8 21. exf4 e4
22. Bb1 Rd5 23. Rg3 Rxb5 24. Rxg4+ Nxg4 25. Bxe7 Nxe7 26. Bxe4 Nf6 27. Bf3 Rc8
28. Qa1 Kg7 29. Qxa7 Nf5 30. Qa4 Rcc5 31. Re1 Rb2 32. g4 Nh4 33. Bh1 Rcb5 34.
Qa1 Ng6 35. Rf1 Nxf4 36. Bf3 Ng6 37. Qe1 Re5 38. Qc3 Rbb5 39. Bxb7 Nxg4 40. Ba6
Rc5 41. Qf3 f5 42. Bd3 Ne7 43. Qb7 Ne3 44. Ra1 Nd5 45. Kh1 Rc3 46. Rg1+ Kf7 47.
Bb5 Nc7 48. Ba4 Ree3 49. Bd7 Re2 50. Ba4 Ree3 51. Qb8 Ng6 52. Qc8 Re6 53. Qd7+
Ne7 54. Qd4 Ree3 55. Rg7+ 1-0

[Event "Kvika Reykjavik Open 2022"]
[Site "Reykjavik ISL"]
[Date "2022.04.10"]
[Round "6.10"]
[White "Gretarsson, Hjorvar Steinn"]
[Black "Sarkar, Justin"]
[Result "1-0"]
[WhiteTitle "GM"]
[BlackTitle "IM"]
[WhiteElo "2542"]
[BlackElo "2314"]
[WhiteFideId "2302241"]
[BlackFideId "2010011"]
[EventDate "2022.04.06"]

1. c4 e5 2. g3 Nf6 3. Nc3 d5 4. cxd5 Nxd5 5. Bg2 Nb6 6. d3 Be7 7. Be3 O-O 8. Rc1
f5 9. Nf3 Nc6 10. O-O Be6 11. Na4 e4 12. Ne1 Nd5 13. Bc5 Ndb4 14. Bxe7 Qxe7 15.
a3 Na6 16. dxe4 Rad8 17. Nd3 Nd4 18. Nc3 c5 19. exf5 Bxf5 20. e4 Be6 21. Nf4
Rxf4 22. gxf4 Nb3 23. Qh5 Nxc1 24. Rxc1 c4 25. Qe5 Qf6 26. Qa5 Rd3 27. f5 Bf7
28. Re1 h5 29. Nd5 Bxd5 30. exd5 Qxb2 31. Qd8+ Kh7 32. Re8 Rd1+ 33. Bf1 Rxf1+
34. Kxf1 Qb1+ 35. Kg2 1-0

[Event "Kvika Reykjavik Open 2022"]
[Site "Reykjavik ISL"]
[Date "2022.04.10"]
[Round "6.11"]
[White "Yoo, Christopher Woojin"]
[Black "Minko, Dmitry"]
[Result "1-0"]
[WhiteTitle "IM"]
[BlackTitle "CM"]
[WhiteElo "2532"]
[BlackElo "2298"]
[WhiteFideId "30909694"]
[BlackFideId "24188468"]
[EventDate "2022.04.06"]

1. e4 e5 2. Nf3 Nc6 3. Bc4 Bc5 4. b4 Bb6 5. a4 a6 6. O-O Nf6 7. d4 d6 8. dxe5
Nxe5 9. Nxe5 dxe5 10. Qxd8+ Kxd8 11. Bg5 Ke7 12. a5 Bd4 13. c3 Ba7 14. Nd2 Re8
15. h3 Bd7 16. Bd5 c6 17. Bb3 Kf8 18. Rfd1 c5 19. Bxf6 gxf6 20. Bd5 cxb4 21.
cxb4 Rab8 22. Rac1 Ba4 23. Re1 Re7 24. Rc3 Bd4 25. Rf3 Rc8 26. Rxf6 Rc2 27. Nc4
Bb3 28. Ne3 Rb2 29. Bxb3 Rxb3 30. Nd5 Re6 31. Rf3 Rxf3 32. gxf3 Rc6 33. Re2 f5
34. exf5 Kf7 35. Kf1 Rd6 36. Ne3 Kf6 37. Rd2 Rc6 38. Nd5+ Kg5 39. f4+ Kh4 40.
Kg2 Rd6 41. f6 Rc6 42. f7 Rc8 43. fxe5 Bxe5 44. Re2 1-0

[Event "Kvika Reykjavik Open 2022"]
[Site "Reykjavik ISL"]
[Date "2022.04.10"]
[Round "6.12"]
[White "Dishman, Stephen"]
[Black "Maze, Sebastien"]
[Result "0-1"]
[BlackTitle "GM"]
[WhiteElo "2339"]
[BlackElo "2524"]
[WhiteFideId "403024"]
[BlackFideId "613762"]
[EventDate "2022.04.06"]

1. Nf3 Nf6 2. c4 g6 3. b3 Bg7 4. Bb2 d6 5. d4 O-O 6. g3 Nbd7 7. Bg2 e5 8. Nc3
Re8 9. O-O e4 10. Ng5 e3 11. fxe3 h6 12. Nge4 Ng4 13. Bc1 f5 14. Nf2 Nxe3 15.
Bxe3 Rxe3 16. Qd2 Re8 17. e4 fxe4 18. Nfxe4 Nf8 19. Rae1 Bf5 20. Kh1 c6 21. d5
c5 22. Qf4 Re5 23. g4 Bxe4 24. Qf7+ Kh8 25. Nxe4 Re7 26. Qf4 Be5 27. Qf2 Nh7 28.
h3 Kg7 29. Re2 a6 30. Qe1 b6 31. Nf2 Qd7 32. Nd3 Rae8 33. Qd2 Ng5 34. Rfe1 Nf7
35. a4 Kh7 36. Bf3 Bg3 37. Rxe7 Rxe7 38. Rxe7 Qxe7 39. Qe2 Be5 40. Qe3 Qh4 41.
Bg2 Kg7 42. Bf1 h5 43. gxh5 Qxh5 44. Be2 Qh4 45. Bg4 Bd4 46. Qe1 Qg5 47. Qc1 Be3
48. Qf1 Qe7 49. Be6 Ng5 50. Qe2 Bd4 51. Qg4 Qf6 52. Kg2 Be3 53. h4 Nh7 54. Qe4
Bd2 55. Nf2 Bf4 56. Nd3 Bd2 57. Nf2 Bc3 58. Nd3 a5 59. Nf2 Qe7 60. Nd3 Nf6 61.
Qf3 Bd2 62. Nf2 Be1 63. Kh3 Nh5 64. Qe3 Bxf2 65. Qxf2 Qf6 66. Qxf6+ Nxf6 67. Bg4
Kh6 68. Bf3 g5 69. hxg5+ Kxg5 70. Kg3 Kf5 71. Kf2 Kf4 72. Ke2 Nd7 73. Bh5 Ke4
74. Kd2 Kd4 75. Be2 Ne5 76. Kc2 Ke3 77. Bh5 Nd3 78. Kc3 Nf2 79. Bg6 Nh3 80. Bh7
Ke2 81. Kc2 Nf2 82. Bg6 Ke3 83. Kc3 Nh3 84. Bh7 Nf4 85. Kc2 Kd4 86. Bf5 Ng2 87.
Bg6 Ne1+ 88. Kd2 Nf3+ 89. Kc2 Ke3 90. Bh5 Ne1+ 91. Kc3 Ng2 92. Bg6 Nf4 93. Bh7
Ne2+ 94. Kc2 Nd4+ 95. Kc3 Ke2 96. Bg6 Kd1 97. Bh7 Kc1 98. Bd3 Nf3 99. Bf5 Nd2
100. Bg6 Nb1+ 101. Kd3 Kb2 102. Ke3 Nc3 0-1

[Event "Kvika Reykjavik Open 2022"]
[Site "Reykjavik ISL"]
[Date "2022.04.10"]
[Round "6.13"]
[White "Brunello, Marina"]
[Black "Peng, Li Min"]
[Result "0-1"]
[WhiteTitle "IM"]
[BlackTitle "IM"]
[WhiteElo "2337"]
[BlackElo "2517"]
[WhiteFideId "822590"]
[BlackFideId "14112620"]
[EventDate "2022.04.06"]

1. e4 d6 2. d4 Nf6 3. Nc3 e5 4. Nf3 Nbd7 5. Bc4 Be7 6. O-O O-O 7. Re1 c6 8. a4
b6 9. b3 Bb7 10. Bb2 Qc7 11. Bd3 Rfe8 12. Ne2 Bf8 13. Ng3 Rad8 14. c4 exd4 15.
Nxd4 a5 16. Rc1 g6 17. f4 Bh6 18. Qf3 Bg7 19. Bb1 Qb8 20. Bc3 d5 21. cxd5 cxd5
22. e5 Ne4 23. Nxe4 dxe4 24. Bxe4 Bxe4 25. Qxe4 Nc5 26. Qf3 Qa8 27. Qxa8 Rxa8
28. Rcd1 Red8 29. g4 Rac8 30. Ba1 Rd5 31. Kf1 Rcd8 32. Ke2 g5 33. Nc6 Rxd1 34.
Rxd1 Rxd1 35. Kxd1 Nxb3 36. Bc3 Nc5 37. f5 Nxa4 38. Bd4 Bf8 39. Kc2 Bc5 40. Ba1
Bg1 41. h3 Kf8 42. Kb3 Nc5+ 43. Kc4 Ke8 44. Kd5 Nd3 45. Kd6 Bc5+ 46. Kc7 a4 47.
Nd8 b5 48. Nb7 b4 49. Nd6+ Kf8 50. Kd7 b3 51. Nxf7 a3 52. e6 Nf4 53. Bd4 Nxe6
54. fxe6 Be7 55. Bb6 b2 56. Bd8 Bb4 57. Nxg5 b1=Q 58. e7+ Bxe7 59. Bxe7+ Kg8 0-1

[Event "Kvika Reykjavik Open 2022"]
[Site "Reykjavik ISL"]
[Date "2022.04.10"]
[Round "6.14"]
[White "Cummings, David H."]
[Black "Stefansson, Vignir Vatnar"]
[Result "1-0"]
[WhiteTitle "IM"]
[BlackTitle "IM"]
[WhiteElo "2321"]
[BlackElo "2501"]
[WhiteFideId "2603578"]
[BlackFideId "2308649"]
[EventDate "2022.04.06"]

1. c4 f5 2. d4 Nf6 3. Nc3 e6 4. Qc2 Be7 5. Nf3 O-O 6. Bg5 Ne4 7. Bxe7 Qxe7 8. e3
Nxc3 9. Qxc3 b6 10. Be2 Bb7 11. c5 bxc5 12. dxc5 a5 13. O-O Bd5 14. Nd2 Na6 15.
Qxa5 Nxc5 16. Qxc7 Rfc8 17. Qe5 d6 18. Qd4 Ra4 19. b4 Qb7 20. a3 Rca8 21. Qc3
Ne4 22. Nxe4 Bxe4 23. f3 Bd5 24. Bd1 R4a6 25. Bb3 Bxb3 26. Qxb3 d5 27. a4 Qa7
28. b5 Ra5 29. f4 Qb6 30. Rfc1 Qb7 31. Qb4 Qb6 32. Kf2 Rb8 33. Rc5 Qd8 34. Qd4
Rba8 35. g3 h5 36. Rc6 Qd7 37. Qe5 R8a7 38. Rxe6 1-0

[Event "Kvika Reykjavik Open 2022"]
[Site "Reykjavik ISL"]
[Date "2022.04.10"]
[Round "6.15"]
[White "Lim, Zhuo Ren"]
[Black "Laurent-Paoli, Pierre"]
[Result "0-1"]
[WhiteTitle "FM"]
[BlackTitle "IM"]
[WhiteElo "2317"]
[BlackElo "2487"]
[WhiteFideId "5702488"]
[BlackFideId "26017962"]
[EventDate "2022.04.06"]

1. Nf3 Nf6 2. c4 e6 3. g3 d5 4. d4 Be7 5. Bg2 O-O 6. Nc3 c6 7. O-O Nbd7 8. Qd3
b6 9. e4 Ba6 10. b3 dxc4 11. bxc4 e5 12. dxe5 Ng4 13. Bf4 g5 14. Rad1 gxf4 15.
gxf4 Ndxe5 16. Nxe5 Qxd3 17. Rxd3 Nxe5 18. fxe5 Bxc4 19. Rg3+ Kh8 20. Re1 Rad8
21. Bf1 Be6 22. Ba6 Bh4 23. Rf3 Rd2 24. Re2 Rd7 25. h3 b5 26. Rb2 Rfd8 27. Rc2
Rd2 28. Rxd2 Rxd2 29. a3 Rc2 30. Bxb5 cxb5 31. Nxb5 Rc5 32. Nd6 Rxe5 33. Nxf7+
Bxf7 34. Rxf7 Be7 35. f3 Kg8 0-1

[Event "Kvika Reykjavik Open 2022"]
[Site "Reykjavik ISL"]
[Date "2022.04.10"]
[Round "6.19"]
[White "Tania, Sachdev"]
[Black "Vemparala, Nikash"]
[Result "1-0"]
[WhiteTitle "IM"]
[WhiteElo "2392"]
[BlackElo "1923"]
[WhiteFideId "5007844"]
[BlackFideId "30960967"]
[EventDate "2022.04.06"]

1. d4 d5 2. Nf3 Nf6 3. c4 c6 4. Nc3 e6 5. Bg5 Nbd7 6. cxd5 exd5 7. e3 Bd6 8. Bd3
O-O 9. Qc2 h6 10. Bh4 Qc7 11. O-O Re8 12. Rab1 Ng4 13. Bg3 Bxg3 14. hxg3 Ngf6
15. b4 Qd6 16. Rfc1 a6 17. a4 Nf8 18. b5 axb5 19. axb5 Bd7 20. bxc6 bxc6 21. Na4
Rac8 22. Ne5 Rxe5 23. dxe5 Qxe5 24. Nb6 Rc7 25. Qa4 c5 26. Nxd7 N8xd7 27. Qa8+
Nf8 28. Rb8 Nd7 29. Re8 Qd6 30. Qd8 Rb7 31. Bf5 Qf6 32. Qc8 Rb8 33. Rxf8+ Nxf8
34. Qxb8 Qxf5 35. Rxc5 Qd3 36. Qb5 Qd1+ 37. Qf1 Qb3 38. Rb5 Qa2 39. Qd1 Ne6 40.
Rxd5 Qb2 41. Ra5 Qb6 42. Ra8+ Kh7 43. Qc2+ g6 44. Qc8 Qb1+ 45. Kh2 1-0

[Event "Kvika Reykjavik Open 2022"]
[Site "Reykjavik ISL"]
[Date "2022.04.10"]
[Round "6.20"]
[White "Bergsson, Stefan"]
[Black "Sadhwani, Raunak"]
[Result "0-1"]
[BlackTitle "GM"]
[WhiteElo "2109"]
[BlackElo "2628"]
[WhiteFideId "2301393"]
[BlackFideId "35093487"]
[EventDate "2022.04.06"]

1. d4 Nf6 2. c4 g6 3. Nc3 Bg7 4. e4 d6 5. h3 O-O 6. Be3 c6 7. Bd3 a6 8. Nge2 b5
9. cxb5 axb5 10. a3 Bb7 11. O-O e5 12. Qd2 Nbd7 13. dxe5 Nxe5 14. f4 Nxd3 15.
Qxd3 Qe7 16. Rad1 Rad8 17. Rfe1 Rfe8 18. Ng3 h5 19. Bb6 Rd7 20. Bf2 Qd8 21. Bd4
h4 22. Nh1 c5 23. Bxf6 Qxf6 24. Qxb5 Rde7 25. Rf1 Bxe4 26. Nf2 Ba8 27. f5 Qxf5
28. Nfe4 Qe5 29. Rfe1 Qh5 30. Nxd6 Rxe1+ 31. Kf2 Qxd1 32. Nxe8 Bd4# 0-1

[Event "Kvika Reykjavik Open 2022"]
[Site "Reykjavik ISL"]
[Date "2022.04.10"]
[Round "6.26"]
[White "Briem, Benedikt"]
[Black "Martin, Julian"]
[Result "1/2-1/2"]
[BlackTitle "IM"]
[WhiteElo "2062"]
[BlackElo "2385"]
[WhiteFideId "2315432"]
[BlackFideId "12941000"]
[EventDate "2022.04.06"]

1. d4 Nf6 2. c4 e6 3. g3 Bb4+ 4. Nd2 O-O 5. Bg2 d5 6. Nf3 dxc4 7. Qc2 b5 8. a4
c6 9. axb5 cxb5 10. Ng5 h6 11. h4 g6 12. Nxf7 Rxf7 13. Bxa8 Kg7 14. O-O a5 15.
Nf3 Nbd7 16. Bf4 Nd5 17. Be5+ Nxe5 18. Nxe5 Rf6 19. Nc6 Qb6 20. Nxb4 Nxb4 21.
Qd2 Bd7 22. Ra3 Bc6 23. Rfa1 Bxa8 24. Rxa5 Bb7 25. Qxb4 Qxd4 26. Qe1 Qxb2 27.
Rb1 Qd4 28. Rbxb5 Bd5 29. Rc5 g5 30. h5 Rf5 31. Ra7+ Kf6 32. Qa1 Qxa1+ 33. Rxa1
Re5 34. Re1 g4 35. e4 Rxe4 36. Rxe4 Bxe4 37. Rxc4 Bf3 38. Rc8 Kg5 39. Rg8+ Kxh5
40. Kf1 Be4 41. Ke2 Bg6 42. Ke3 e5 43. Kd2 Kg5 44. Kc3 Kf5 45. Kb4 h5 46. Kc5
Bf7 47. Rf8 Ke6 48. Rb8 Kf5 49. Kd6 Ke4 50. Rb4+ Kf3 51. Kxe5 Kxf2 52. Kf4 Kg2
53. Rb7 Be8 54. Rb3 Kh3 55. Re3 Bf7 56. Re7 Bg6 57. Rg7 Be8 58. Ra7 Bg6 59. Re7
Kg2 60. Re2+ Kh3 61. Re6 Bf7 62. Rd6 Be8 63. Rd1 Bf7 64. Ra1 Be8 65. Ra3 Bf7 66.
Re3 Kg2 67. Kg5 Kh3 68. Ra3 Be8 69. Rc3 Bf7 70. Re3 Bd5 71. Rd3 Bf3 72. Kf4 h4
73. gxh4 Kxh4 74. Rd8 Kh3 75. Rh8+ Kg2 76. Rh6 Be2 77. Rb6 Kf2 78. Rb3 Bf3 79.
Rb2+ Be2 80. Ke5 1/2-1/2